| 000 | 00964nas a2200277 4500 | ||
|---|---|---|---|
| 001 | BR9505034 | ||
| 003 | BR-BrBNA | ||
| 005 | 20231205094152.0 | ||
| 007 | ta | ||
| 008 | 230509b bl.|||p| |||| 00| 00por d | ||
| 040 |
_aBR-BrBNA _bpor _cBiblioteca Nacional de Agricultura |
||
| 041 | _a(Pt) | ||
| 072 | _aM12 | ||
| 100 | 1 | _aSilva, J.W.B. e | |
| 100 | 1 | _aSouza, S.O. de | |
| 100 | 1 | _aNobre, M.I. da S. | |
| 100 | 1 | _aPinheiro, F.A. | |
| 245 | 1 | _aResultados de um policultivo da carpa espelho, Cyprinus carpio L. 1758 VR. Specularis, com machos da tilapia do Nilo, Oreochromis niloticus (L., 1766), alimentados com esterco de codorna, Nothura maculosa | |
| 650 | _aCarpa Espelho | ||
| 650 | _aTilapia Nilotica | ||
| 650 | _aCodorna | ||
| 650 | _aPiscicultura Consorciada | ||
| 773 | 0 |
_tCiencia Agronomica (Brazil) _xISSN 0045-6888 _g(Jun-Dec 1989), v. 20(1-2) p. 167-174 _wBR9505034 |
|
| 909 |
_a202311 _bLúcia _c55 _dLúcia Elande |
||
| 942 |
_2AGRIS _n0 _cANA |
||
| 999 |
_c142508 _d142508 |
||